<?xml version="1.0" encoding="UTF-8"?>
<record
    xmlns:xsi="http://www.w3.org/2001/XMLSchema-instance"
    xsi:schemaLocation="http://www.loc.gov/MARC21/slim http://www.loc.gov/standards/marcxml/schema/MARC21slim.xsd"
    xmlns="http://www.loc.gov/MARC21/slim">

  <leader>01027nam a22001697a 4500</leader>
  <controlfield tag="003">IT-RoPau</controlfield>
  <controlfield tag="005">20220918181106.0</controlfield>
  <controlfield tag="008">130522b        xxu||||| |||| 00| 0 eng d</controlfield>
  <datafield tag="040" ind1=" " ind2=" ">
    <subfield code="c">IT-RoPau</subfield>
  </datafield>
  <datafield tag="245" ind1=" " ind2=" ">
    <subfield code="a">Spirito santo, agente principale dell'evangelizzazione - Atti degli Apostoli</subfield>
    <subfield code="b">Itinerario spirituale FSP e SSSP - Provincia italiana - anno 1997-1998 </subfield>
  </datafield>
  <datafield tag="250" ind1=" " ind2=" ">
    <subfield code="a">1&#xB0; ed</subfield>
  </datafield>
  <datafield tag="260" ind1=" " ind2=" ">
    <subfield code="a">Roma</subfield>
    <subfield code="b">FSP e SSP Casa Provinciale</subfield>
    <subfield code="c">1997</subfield>
  </datafield>
  <datafield tag="300" ind1=" " ind2=" ">
    <subfield code="a">71 pp.</subfield>
    <subfield code="c">21 cm</subfield>
  </datafield>
  <datafield tag="490" ind1=" " ind2=" ">
    <subfield code="a">Itinerario spirituale</subfield>
  </datafield>
  <datafield tag="520" ind1=" " ind2=" ">
    <subfield code="a">Indice

Alle sorelle...e ai fratelli...
Premessa all'Itinerario
Atti degli Apostoli - Introduzione generale
1&#xB0; giorno: Attesa e venuta dello Spirito
2&#xB0; giorno: Spirito santo e vita della Chiesa
3&#xB0; giorno: L'annuncio della Parola nella forza dello Spirito
Struttura letteraria-tematica degli Atti
4&#xB0; giorno: Lo Spirito santo costruisce la Chiesa
5&#xB0; giorno: Lo Spirito santo e la missione cristiana
6&#xB0; giorno: Paolo evangelizza e esorta
7&#xB0; giorno: Paolo prigioniero testimone di Cristo </subfield>
  </datafield>
  <datafield tag="942" ind1=" " ind2=" ">
    <subfield code="2">ddc</subfield>
    <subfield code="c">BK</subfield>
  </datafield>
  <datafield tag="999" ind1=" " ind2=" ">
    <subfield code="c">98579</subfield>
    <subfield code="d">98579</subfield>
  </datafield>
  <datafield tag="952" ind1=" " ind2=" ">
    <subfield code="0">0</subfield>
    <subfield code="1">0</subfield>
    <subfield code="2">ddc</subfield>
    <subfield code="4">0</subfield>
    <subfield code="6">P_D2</subfield>
    <subfield code="7">1</subfield>
    <subfield code="a">PAULUS</subfield>
    <subfield code="b">PAULUS</subfield>
    <subfield code="d">2013-05-22</subfield>
    <subfield code="l">0</subfield>
    <subfield code="o">P D2</subfield>
    <subfield code="r">2013-05-22 00:00:00</subfield>
    <subfield code="w">2013-05-22</subfield>
    <subfield code="y">BK</subfield>
  </datafield>
  <datafield tag="952" ind1=" " ind2=" ">
    <subfield code="0">0</subfield>
    <subfield code="1">0</subfield>
    <subfield code="2">ddc</subfield>
    <subfield code="4">0</subfield>
    <subfield code="6">P_D2</subfield>
    <subfield code="7">1</subfield>
    <subfield code="a">PAULUS</subfield>
    <subfield code="b">PAULUS</subfield>
    <subfield code="d">2013-05-22</subfield>
    <subfield code="l">0</subfield>
    <subfield code="o">P D2</subfield>
    <subfield code="r">2013-05-22 00:00:00</subfield>
    <subfield code="w">2013-05-22</subfield>
    <subfield code="y">BK</subfield>
  </datafield>
  <datafield tag="952" ind1=" " ind2=" ">
    <subfield code="0">0</subfield>
    <subfield code="1">0</subfield>
    <subfield code="2">ddc</subfield>
    <subfield code="4">0</subfield>
    <subfield code="6">P_D2</subfield>
    <subfield code="7">1</subfield>
    <subfield code="a">PAULUS</subfield>
    <subfield code="b">PAULUS</subfield>
    <subfield code="d">2013-05-22</subfield>
    <subfield code="l">0</subfield>
    <subfield code="o">P D2</subfield>
    <subfield code="r">2013-05-22 00:00:00</subfield>
    <subfield code="w">2013-05-22</subfield>
    <subfield code="y">BK</subfield>
  </datafield>
  <datafield tag="952" ind1=" " ind2=" ">
    <subfield code="0">0</subfield>
    <subfield code="1">0</subfield>
    <subfield code="2">ddc</subfield>
    <subfield code="4">0</subfield>
    <subfield code="6">P_D2</subfield>
    <subfield code="7">1</subfield>
    <subfield code="a">PAULUS</subfield>
    <subfield code="b">PAULUS</subfield>
    <subfield code="d">2013-05-22</subfield>
    <subfield code="l">0</subfield>
    <subfield code="o">P D2</subfield>
    <subfield code="r">2013-05-22 00:00:00</subfield>
    <subfield code="w">2013-05-22</subfield>
    <subfield code="y">BK</subfield>
  </datafield>
  <datafield tag="952" ind1=" " ind2=" ">
    <subfield code="0">0</subfield>
    <subfield code="1">0</subfield>
    <subfield code="2">ddc</subfield>
    <subfield code="4">0</subfield>
    <subfield code="6">P_D2</subfield>
    <subfield code="7">1</subfield>
    <subfield code="a">PAULUS</subfield>
    <subfield code="b">PAULUS</subfield>
    <subfield code="d">2013-05-22</subfield>
    <subfield code="l">0</subfield>
    <subfield code="o">P D2</subfield>
    <subfield code="r">2013-05-22 00:00:00</subfield>
    <subfield code="w">2013-05-22</subfield>
    <subfield code="y">BK</subfield>
  </datafield>
  <datafield tag="952" ind1=" " ind2=" ">
    <subfield code="0">0</subfield>
    <subfield code="1">0</subfield>
    <subfield code="2">ddc</subfield>
    <subfield code="4">0</subfield>
    <subfield code="6">P_D2</subfield>
    <subfield code="7">1</subfield>
    <subfield code="a">PAULUS</subfield>
    <subfield code="b">PAULUS</subfield>
    <subfield code="d">2013-05-22</subfield>
    <subfield code="l">0</subfield>
    <subfield code="o">P D2</subfield>
    <subfield code="r">2013-05-22 00:00:00</subfield>
    <subfield code="w">2013-05-22</subfield>
    <subfield code="y">BK</subfield>
  </datafield>
  <datafield tag="952" ind1=" " ind2=" ">
    <subfield code="0">0</subfield>
    <subfield code="1">0</subfield>
    <subfield code="2">ddc</subfield>
    <subfield code="4">0</subfield>
    <subfield code="6">P_D2</subfield>
    <subfield code="7">1</subfield>
    <subfield code="a">PAULUS</subfield>
    <subfield code="b">PAULUS</subfield>
    <subfield code="d">2013-05-22</subfield>
    <subfield code="l">0</subfield>
    <subfield code="o">P D2</subfield>
    <subfield code="r">2013-05-22 00:00:00</subfield>
    <subfield code="w">2013-05-22</subfield>
    <subfield code="y">BK</subfield>
  </datafield>
  <datafield tag="952" ind1=" " ind2=" ">
    <subfield code="0">0</subfield>
    <subfield code="1">0</subfield>
    <subfield code="2">ddc</subfield>
    <subfield code="4">0</subfield>
    <subfield code="6">P_D2</subfield>
    <subfield code="7">1</subfield>
    <subfield code="a">PAULUS</subfield>
    <subfield code="b">PAULUS</subfield>
    <subfield code="d">2013-05-22</subfield>
    <subfield code="l">0</subfield>
    <subfield code="o">P D2</subfield>
    <subfield code="r">2013-05-22 00:00:00</subfield>
    <subfield code="w">2013-05-22</subfield>
    <subfield code="y">BK</subfield>
  </datafield>
</record>
